[Event "Nanjing FIDE GP (Women)"]
[Site "Nanjing"]
[Date "2009.10.09"]
[Round "11"]
[White "Dzagnidze, Nana"]
[Black "Zhao, Xue"]
[Result "1/2-1/2"]
[WhiteElo "2535"]
[BlackElo "2542"]
[Annotator "CB"]
[PlyCount "206"]
[EventDate "2009.09.28"]
[EventType "tourn"]
[EventRounds "11"]
[EventCountry "CHN"]
[EventCategory "8"]
[SourceTitle "CBM 132 Extra"]
[Source "ChessBase"]
[SourceDate "2009.11.03"]
[SourceVersion "1"]
[SourceVersionDate "2009.11.03"]
[SourceQuality "1"]

1. d4 Nf6 2. c4 e6 3. Nf3 b6 4. Nc3 Bb4 5. Bg5 Bb7 6. e3 h6 7. Bh4 Bxc3+ 8.
bxc3 d6 9. Nd2 Nc6 $5 10. Bd3 g5 11. Bg3 Qe7 12. O-O O-O-O 13. f4 Rdg8 (13...
Nd7 14. c5 dxc5 15. Qe2 cxd4 16. cxd4 gxf4 17. Rxf4 e5 18. dxe5 Nc5 19. Bf5+
Kb8 20. Nc4 Nxe5 21. Nxe5 Qxe5 22. Rc1 Rhe8 23. Bh3 Ba6 24. Qf3 Qb2 25. Re1 Bb7
{0-1 Jimenez Villena,F (2270)-Rivas Pastor,M (2427)/La Roda 2004 (42)}) 14. e4
gxf4 15. Rxf4 e5 16. Rf5 Ng4 $2 (16... Rxg3 17. hxg3 exd4 $15) 17. d5 Nb8 18.
Qf3 h5 19. Rxf7 (19. c5 $5) 19... Qg5 20. Qf5+ Qxf5 21. Rxf5 h4 22. Bf2 Kd8 23.
h3 Nxf2 24. Kxf2 Bc8 25. Rf3 Nd7 26. Rg1 Nf8 27. Rf7 Bd7 28. Be2 Ke8 $15 29.
Rf3 Ke7 30. c5 bxc5 31. Rb1 Ng6 32. c4 (32. Rb7 Nf4 33. Bf1 Rb8 34. Rxa7 Ra8
35. Rxc7 Rxa2 36. Ke3 Kd8 37. Rb7 Rg8 $11) 32... Nf4 33. Bf1 Rb8 (33... Bc8 $5)
34. Rfb3 Rb6 35. Ra3 Rhb8 36. Rbb3 a6 37. Nf3 Ng6 38. Be2 Ra8 39. Ra5 Bc8 40.
Nh2 Bb7 41. Bg4 Rh8 42. Nf3 Rxb3 43. axb3 Nf4 44. Ra2 Ng6 45. Ke3 Ke8 46. Bf5
Ne7 47. Be6 Ng6 48. Bg4 Ne7 (48... Nf4) 49. Ng5 Rg8 50. Ne6 c6 51. Nc7+ Kd8 52.
Ne6+ Ke8 53. Nc7+ Kd8 54. Nxa6 cxd5 (54... Bc8 $5) 55. cxd5 Bc8 56. Bf3 Ng6 57.
b4 Rg7 58. bxc5 Ra7 59. Nb4 Rxa2 60. Nxa2 dxc5 61. Be2 $16 Ke7 62. Nc1 Bd7 63.
Nb3 Kd6 64. Na5 Kc7 65. Nc4 Bc8 66. Nd2 (66. d6+ $1 Kc6 (66... Kd8 67. Bg4 $18)
67. Bh5 Nf8 68. Bd1 $1 $18) 66... Kd6 67. Bf1 Ke7 68. Kf3 Bd7 69. g3 $6 $16
hxg3 70. Kxg3 Ba4 71. h4 Nf4 72. Ba6 Kf6 73. Kf3 Bd1+ 74. Kf2 Bc2 75. Be2 Nxe2
76. Kxe2 c4 $1 77. Nxc4 Bxe4 78. Ne3 {after this white tries for a further 25
moves but cannot really win this} Bg6 79. Kd2 e4 80. Kc3 Ke5 81. Kc4 Be8 82.
Kc5 Kf4 83. Kd4 Bd7 84. d6 Ba4 85. Ng2+ Kf5 86. Kd5 Bb3+ 87. Kc5 Ba4 88. Ne3+
Kf4 89. Kd4 Bb5 90. Ng2+ Kf5 91. Ne3+ Kf4 92. h5 Kg5 93. Kxe4 Kxh5 94. Kf5 Bd7+
95. Kf6 Kh6 96. Ke7 Ba4 97. Nd5 Kg6 98. Nc3 Bc6 99. Kd8 Bf3 100. Nb5 Kf6 101.
Nd4 Bg4 102. Kc7 Bh3 103. d7 Bxd7 1/2-1/2

[Event "Buenos Aires"]
[Site "Buenos Aires"]
[Date "1980.??.??"]
[Round "?"]
[White "Browne, Walter Shawn"]
[Black "Andersson, Ulf"]
[Result "1/2-1/2"]
[WhiteElo "2540"]
[BlackElo "2590"]
[Annotator "Chekhov,V"]
[PlyCount "44"]
[EventDate "1980.10.15"]
[EventType "tourn"]
[EventRounds "13"]
[EventCountry "ARG"]
[EventCategory "13"]
[SourceTitle "MCL"]
[Source "ChessBase"]
[SourceDate "1999.07.01"]
[SourceVersion "1"]
[SourceVersionDate "1999.07.01"]
[SourceQuality "1"]

1. d4 Nf6 2. c4 e6 3. Nf3 b6 4. Nc3 Bb4 5. Bg5 Bxc3+ 6. bxc3 Bb7 7. e3 h6 8.
Bh4 g5 9. Bg3 Ne4 10. Qc2 d6 11. Bd3 Nxg3 (11... f5 $5 12. d5 Nd7 13. Nd4 Ndc5
14. dxe6 Rf8 15. Be2 Qf6 16. Bh5+ Ke7 17. Bf7 Rxf7 18. exf7 Qxf7 $44 {Kamsky,
G-Salov,V/Moscow/1992/0,5 (42)/Inf 56/592/}) 12. hxg3 Nd7 13. a4 Ke7 $6 {[N]} (
13... a5 $5 14. Rb1 Qe7 15. Be4 O-O-O 16. Bxb7+ Kxb7 17. Qe4+ Ka7 18. Qc6 Nb8
19. Qb5 Qd7 $10 {Uhlmann,W-Ivkov,B/Halle/1963/}) 14. a5 c5 15. a6 $6 (15. Ke2
$5 {<<a2,<<ha1/}) 15... Bxf3 (15... Bc6 16. d5 exd5 17. cxd5 Bxd5 18. Be4 Bxe4
(18... Nf6 19. Bxd5 Nxd5 20. Qe4+ $18) (18... Be6 $5 19. Bxa8 Qxa8 $44) 19.
Qxe4+ Kf6 (19... Kf8 20. Nxg5 $1) 20. O-O-O $1) 16. gxf3 Qc7 17. Ke2 (17. g4
Nf6 18. Ke2 h5 19. gxh5 Rxh5 20. Rxh5 Nxh5 21. Rg1 Rg8 22. f4 g4 {[]f6,1/4c8/}
) 17... Nf6 18. Rh2 Rag8 $15 19. Rah1 h5 20. f4 gxf4 21. gxf4 Rg7 22. Qa4 Rhg8
(22... Rhg8 23. Kf1 (23. e4 e5 $1 $15) 23... Qc8 $1 {1/4a8/} 24. e4 Qa8 25. f3
(25. e5 dxe5 26. fxe5 Ng4 27. Rxh5 Qf3) 25... Rg3 {<<8g7,1/4g8/}) 1/2-1/2

[Event "EU-Cup 10th Group1"]
[Site "Eupen"]
[Date "1994.??.??"]
[Round "3"]
[White "Thorsteins, Karl"]
[Black "Hjartarson, Johann"]
[Result "0-1"]
[WhiteElo "2510"]
[BlackElo "2585"]
[Annotator "Dautov,R"]
[PlyCount "74"]
[EventDate "1994.??.??"]
[EventType "team-k.o."]
[EventRounds "3"]
[EventCountry "BEL"]
[SourceTitle "EXT 2020"]
[Source "ChessBase"]
[SourceDate "2019.10.17"]
[SourceVersion "1"]
[SourceVersionDate "2019.10.17"]
[SourceQuality "1"]
[WhiteTeam "Reykjavikur Taflfelag"]
[BlackTeam "Muenchen Bayern"]
[WhiteTeamCountry "ISL"]
[BlackTeamCountry "GER"]

1. d4 Nf6 2. c4 e6 3. Nc3 Bb4 4. Nf3 b6 5. Bg5 Bb7 6. e3 h6 7. Bh4 Bxc3+ 8.
bxc3 d6 9. Nd2 g5 10. Bg3 Qe7 11. h4 Rg8 12. hxg5 hxg5 13. Be2 Nc6 (13... Bxg2
$2 14. Rh6 {/\Bf3} g4 15. Bh4 Nbd7 16. Qa4 Kf8 17. O-O-O Kg7 18. Rh5 $40) 14.
Qa4 (14. Qc2 O-O-O 15. O-O-O Rh8 16. e4 Kb8 17. Nb3 Nd7 18. Bd3 Qf6 {=
Kasparov-Psakhis/La Manga m/2/1990}) 14... O-O-O 15. Bf3 Qd7 16. Rh6 Na5 17.
Bxb7+ Kxb7 18. Qd1 $6 {N} (18. Qxd7 {>=} Nxd7 19. Ke2 Rg7 20. Rah1 Rdg8 21. Kd3
Nc6 22. Ne4 Ne7 23. Nf6 Nxf6 24. Rxf6 Ng6 25. Rh5 Nf8 26. e4 Kc8 27. Bh2 Kd8
28. g4 Ke7 {= Savchenko-Lerner/Simferopol/1988}) 18... Ne8 19. Qf3+ Kb8 20. Rh7
(20. Ke2 $2 f5 21. Rah1 $2 g4 22. Qf4 e5 {-+} 23. Qxe5) 20... Rg7 21. Rxg7 Nxg7
22. Qf6 Nf5 23. Qxg5 Rh8 24. Ke2 (24. O-O-O Qa4 25. Qf6 Rh7 {-/+}) 24... Nxc4
$1 (24... Qa4 25. Kd3 {~}) 25. Nxc4 Qb5 26. Kd2 $6 (26. Kd3 {>=} d5 27. Qf6 $1
(27. Be5 Nd6 $1 28. Qf6 (28. Bxh8 $4 dxc4+ {-+}) 28... Qxc4+ 29. Kc2 Qe2+ 30.
Kb3 Nc4 $1 31. Qxh8+ Kb7 32. Rb1 Nd2+ 33. Kb2 Ne4+ 34. Kb3 Qc4+ 35. Ka3 Qxc3+
36. Rb3 Qc1+ 37. Ka4 Qc2 38. Ka3 Nc3 39. Rxc3 Qxc3+ 40. Ka4 a6 {-+}) 27...
Qxc4+ (27... dxc4+ 28. Kc2 Qe8 29. Bf4 {~} Rg8 30. g3 {~}) 28. Kd2 Rh7 29. Be5
{/\g4}) 26... Qxc4 27. Qf6 Rh7 28. Bf4 Qd5 {-/+} 29. g4 (29. g3 $2 Rh2 30. Ke2
Qc4+ {-+}) 29... Nh4 {><a2,c4,g4,Ra1} 30. Bg3 Nf3+ 31. Ke2 (31. Kd3 b5 {
-/+ /\Qc4}) (31. Kc2 {>=} Ng5 {-/+} (31... Qe4+ 32. Kb2 Qxg4 $2 33. Bxd6 $1
cxd6 34. Qd8+ Kb7 35. Qd7+ {=})) 31... Ng5 $1 32. Kd3 (32. f3 Qb5+ {-+}) 32...
Qe4+ {-+} 33. Kc4 (33. Kd2 Qxg4 34. Qd8+ Kb7 35. Bxd6 Ne4+ {-+}) 33... Qc6+ $1
34. Kd3 Ne4 35. Qd8+ Kb7 36. c4 Nxg3 37. fxg3 Rh2 {/\Qa4,/\Qf3} 0-1

[Event "Hoogovens op"]
[Site "Wijk aan Zee"]
[Date "1995.01.??"]
[Round "11"]
[White "Zvjaginsev, Vadim"]
[Black "Adams, Michael"]
[Result "0-1"]
[WhiteElo "2585"]
[BlackElo "2655"]
[Annotator "Dautov,R"]
[PlyCount "84"]
[EventDate "1995.01.??"]
[EventType "swiss"]
[EventRounds "12"]
[EventCountry "NED"]
[SourceTitle "CBM 046"]
[Source "ChessBase"]
[SourceDate "1995.06.01"]
[SourceVersion "1"]
[SourceVersionDate "1995.06.01"]
[SourceQuality "1"]

1. d4 Nf6 2. Nf3 e6 3. c4 b6 4. Nc3 Bb4 5. Bg5 Bb7 6. e3 h6 7. Bh4 g5 8. Bg3
Ne4 9. Qc2 Bxc3+ 10. bxc3 Nxg3 11. hxg3 (11. fxg3 $142 g4 12. Nh4) 11... d6 (
11... Qe7 {/\Nc6}) 12. g4 $5 {Damit wird vorläufig (aber nicht dauerhaft) das
Vorrücken f7-f5 verhindert.} (12. O-O-O Nd7 13. Bd3 Qe7 14. Be4 O-O-O 15. Bxb7+
Kxb7 16. e4 h5 17. Kb2 c5 18. d5 g4 19. Nd2 h4 20. Nf1 Ne5 21. Qe2 hxg3 22.
Nxg3 Qf6 $17 {Lobron,E-Adams,M/Garmisch-Partenkirchen 25' (15) ;EXP 43 1994})
12... Nd7 13. Be2 (13. Bd3 Nf6 $5 (13... Qe7 14. Be4 O-O-O 15. Bxb7+ Kxb7 16.
a4 $5 a5 17. Rb1 $13) 14. Nxg5 Bxg2 15. Rg1 (15. Rh2 Bb7 16. f3 Nxg4 17. Nxe6
fxe6 18. Bg6+ Kd7 19. fxg4 Qg5 $17) 15... hxg5 16. Rxg2 Rh1+ 17. Bf1 Qd7 $15)
13... Qe7 14. Rh2 (14. Qa4 $5 f5 15. gxf5 exf5 16. O-O-O $13) 14... O-O-O 15.
Nd2 {Genauer war sofort 15.0-0-0 mit der Absicht Rdh1. Der Textzug ist etwas
zu langsam.} Rdf8 {Der Plan von Schwarz wird nun klar - der Vorstoß f5 soll
die Linien auf dem Königsflügel öffnen.} 16. O-O-O f5 17. gxf5 exf5 18. Bf3 $2
{Dank diesem Fehler werden die schwarzen Bauern auf dem Königsflügel sehr
aktiv.} (18. Rdh1 $142 Qe6 $1 $13 (18... g4 19. Nf1 $14) (18... f4 19. e4 Nf6 (
19... Qg7 20. Bg4 $14) 20. Rxh6 Rxh6 21. Rxh6 Bxe4 22. Nxe4 Qxe4 23. Bf3 Qxc2+
24. Kxc2 $14)) 18... h5 $1 $15 19. Qa4 (19. Bxh5 $2 Nf6 20. Qxf5+ Kb8 21. Qxg5
Rfg8 22. Qf5 Bc8 23. Qf3 Rxh5 24. Rxh5 Bg4 $19) 19... Kb8 20. Nb3 $6 {Hilft
Schwarz nur weiter zur Bildung der Freibauern.} (20. Bxb7 Kxb7 21. Nb3 {
/\Qb5,Na5} a6 22. Qb4 f4 23. Na5+ Ka8 24. Nc6 Qe4 25. Qa4 Kb7 26. Nb4 Nb8 $15)
20... Bxf3 21. gxf3 f4 22. Re1 (22. e4 g4 23. Qb5 gxf3 24. Na5 Qxe4 25. Nc6+
Ka8 $17) 22... g4 23. Rhh1 g3 $1 $17 24. exf4 g2 25. Rhg1 Qg7 26. Qb5 a6 (26...
h4 $2 27. Na5 h3 28. Nc6+ Kb7 29. Na5+ $10) 27. Qg5 Qf7 {/\Rg8} 28. Qxg2 Qxc4
29. Kb2 Nf6 30. Qf1 Qxf1 31. Rgxf1 Nd5 {In Folge des forcierten Spiels
entstand ein für Weiß verlorenes Endspiel.} 32. Kc2 Nxf4 33. Nc1 h4 34. Nd3
Nxd3 35. Kxd3 Rxf3+ 36. Re3 Rxe3+ 37. Kxe3 Kc8 38. Kf3 Kd7 39. Rh1 Ke6 40. Kg4
Rg8+ 41. Kf3 Rf8+ 42. Kg2 (42. Ke3 Rh8 $19) 42... Rf4 0-1

[Event "Petrov Memorial op"]
[Site "St Petersburg"]
[Date "1996.??.??"]
[Round "8"]
[White "Aseev, Konstantin N"]
[Black "Tunik, Gennady"]
[Result "0-1"]
[WhiteElo "2530"]
[BlackElo "2475"]
[Annotator "Dautov,R"]
[PlyCount "82"]
[EventDate "1996.02.??"]
[EventType "swiss"]
[EventRounds "9"]
[EventCountry "RUS"]
[SourceTitle "CBM 052"]
[Source "ChessBase"]
[SourceDate "1996.06.01"]
[SourceVersion "1"]
[SourceVersionDate "1996.06.01"]
[SourceQuality "1"]

1. d4 Nf6 2. c4 e6 3. Nf3 b6 4. Nc3 Bb4 5. Bg5 Bb7 6. e3 h6 7. Bh4 g5 8. Bg3
Ne4 9. Qc2 Bxc3+ 10. bxc3 Nxg3 11. fxg3 g4 12. Nh4 Qg5 13. Qf2 Nc6 $1 {N} (
13... Be4 14. Qd2 Nc6 15. Bd3 Bxd3 16. Qxd3 Na5 17. O-O c6 18. e4 Rh7 19. c5
bxc5 20. Rab1 Rg7 21. Qa6 Qd8 22. e5 $16 {Tukmakov,V-Aseev,K/URS-ch51 Lvov 1984
}) 14. Bd3 f5 15. e4 (15. O-O O-O 16. Qe2 Ne7 17. e4 fxe4 18. Bxe4 Bxe4 19.
Qxe4 Rxf1+ 20. Rxf1 Rf8 21. Re1 Rf6 22. d5 Nc8 $1 23. Qd3 Nd6 $17 {Andreev,
K-Tunik,G/St.Petersburg op-Petrov (06) ;CBM 52 1996}) 15... fxe4 16. O-O (16.
Bxe4 Rf8 17. Bg6+ Ke7 18. Qe2 Rf6 19. Be4 Raf8 $17) 16... exd3 17. Qf7+ Kd8 18.
Ng6 Kc8 (18... Re8 $4 19. Qxe8+ Kxe8 20. Rf8#) 19. Nxh8 Ba6 20. Qf4 $1 (20. Qg6
Qe3+ 21. Kh1 d2 22. Rfd1 Bxc4 23. Qc2 Kb7 24. Nf7 (24. Ng6 Bd3 $19) 24... Rf8
$19) (20. c5 Kb7 21. Ng6 d2 22. Rfd1 Be2 23. Nf4 Bxd1 24. Rxd1 e5 $17) 20...
Qa5 $1 (20... Bxc4 21. Qxg5 hxg5 22. Nf7 Kb7 23. Nxg5 e5 $13) 21. Nf7 $2 (21.
Qd2 Bxc4 22. Rf2 (22. Ng6 $2 Nxd4) 22... e5 23. dxe5 Nxe5 24. Qxh6 Kb7 (24...
Qxc3 25. Rc1 Qd4 26. Qf4 $13) 25. Ng6 Nxg6 26. Qxg6 Qxc3 27. Rd1 Rg8 $15) (21.
Qc1 Bxc4 22. Ng6 Kb7 23. Rd1 e5 24. dxe5 Nxe5 25. Nxe5 Qxe5 26. Qf4 Qc5+ $15)
21... Qxc3 22. Nxh6 Qxc4 23. Nxg4 Kb7 $1 (23... Nxd4 24. Kh1 Ne2 25. Qf3 $13) (
23... Qxd4+ 24. Qxd4 Nxd4 25. Rf8+ Kb7 26. Rxa8 Kxa8 27. h4 $14) 24. Ne5 Qxd4+
25. Qxd4 Nxd4 $17 26. Rad1 (26. Nxd7 Rd8 27. Rf7 Kc8 28. Ne5 d2 29. Rd1 Ne2+
30. Kf2 Nc3 $19) 26... Ne2+ 27. Kf2 (27. Kh1 Nc3 28. Rd2 Ne4 29. Rdd1 d2 $17)
27... Nc3 28. Nxd3 Nxd1+ 29. Rxd1 Rf8+ 30. Ke3 Rg8 31. Nf4 (31. Kf2 d6 32. h3
e5 33. g4 c5 34. Kg3 Kc6 35. h4 Bc8 36. g5 Bf5 $19) 31... d6 32. h4 e5 (32...
Rxg3+ 33. Kf2 Rg4 34. Nxe6 Rxh4 $19) 33. Nh5 Bc4 34. Rd2 Bf7 $19 35. Nf6 Rxg3+
36. Kf2 Rg6 37. Ne4 Rg4 38. Ng5 Rxh4 39. Kg3 Rf4 40. Nxf7 Rxf7 41. Kh4 e4 0-1

[Event "Interzonal-14b"]
[Site "Szirak"]
[Date "1987.??.??"]
[Round "4"]
[White "Flear, Glenn C"]
[Black "Salov, Valery"]
[Result "0-1"]
[WhiteElo "2480"]
[BlackElo "2575"]
[Annotator "Ftacnik,L"]
[PlyCount "95"]
[EventDate "1987.07.??"]
[EventType "tourn"]
[EventRounds "17"]
[EventCountry "HUN"]
[EventCategory "12"]
[SourceTitle "CBM 003"]
[Source "ChessBase"]
[SourceDate "1988.04.01"]
[SourceVersion "1"]
[SourceVersionDate "1988.04.01"]
[SourceQuality "1"]

1. d4 Nf6 2. c4 e6 3. Nf3 b6 4. Nc3 Bb4 5. Bg5 Bb7 6. e3 h6 7. Bh4 Bxc3+ $5 (
7... c5) 8. bxc3 d6 9. Nd2 Nbd7 10. f3 Qe7 11. Qa4 $5 (11. e4 $5) 11... e5 12.
e4 O-O 13. Be2 Qe8 $1 {/\Nh5} (13... Qe6 $5) 14. Rb1 (14. O-O Nh5 $132) (14.
Nf1 $5 {/\ Ne3} Nh5) 14... Nh5 $10 15. O-O Nf4 16. Rfe1 f5 17. Bf1 Kh8 18. Bg3
fxe4 19. Nxe4 Qe7 20. c5 $5 dxc5 21. dxe5 $2 (21. Bb5 Nf6 $1 (21... c6 22. Bxc6
Bxc6 23. Qxc6 cxd4 24. cxd4 $13 {/\} exd4 25. Nd6 $16 {|^}) 22. Nxf6 Qxf6 23.
dxe5 Qg5 $13) 21... Nxe5 $1 22. Nf2 Qg5 $1 $17 23. Kh1 (23. Rxe5 Qxe5 24. Nd3
Qe3+ 25. Bf2 Ne2+ $19) 23... Bc6 24. Bb5 Bxb5 25. Qxb5 c6 26. Qa4 Ned3 27. Nxd3
Nxd3 28. Re6 Qf5 $1 {/\ Nf2} 29. Re4 b5 30. Qa6 Qd5 31. c4 bxc4 32. Qxc4 Rae8
$17 33. Qa4 Rxe4 34. fxe4 Qe6 35. h3 (35. Qxa7 Qxe4 $17) 35... c4 36. Qa3 Rf7
37. e5 c5 38. Qc3 Kh7 39. Kh2 Qd5 40. Rb8 $6 Rf1 41. h4 Rc1 42. Qd2 c3 43. Qe2
c2 44. e6 Rh1+ 45. Kxh1 c1=Q+ 46. Kh2 Qd4 47. Qxd3+ Qxd3 48. e7 0-1

[Event "ARM-ROW m"]
[Site "Moscow"]
[Date "2004.06.12"]
[Round "3"]
[White "Gelfand, Boris"]
[Black "Vallejo Pons, Francisco"]
[Result "0-1"]
[WhiteElo "2714"]
[BlackElo "2666"]
[Annotator "Ftacnik,L"]
[PlyCount "48"]
[EventDate "2004.06.10"]
[EventType "team"]
[EventRounds "6"]
[EventCountry "RUS"]
[SourceTitle "CBM 102"]
[Source "ChessBase"]
[SourceDate "2004.09.23"]
[SourceVersion "1"]
[SourceVersionDate "2004.09.23"]
[SourceQuality "1"]
[WhiteTeam "Armenia"]
[BlackTeam "Rest of the World"]
[WhiteTeamCountry "ARM"]

1. d4 Nf6 2. c4 e6 3. Nf3 b6 4. Nc3 Bb4 5. Bg5 Bb7 6. e3 h6 7. Bh4 g5 8. Bg3
Ne4 9. Nd2 Nxc3 10. bxc3 Bxc3 11. Rc1 Bb4 12. h4 gxh4 13. Rxh4 Be7 {The whole
line is very interesting, for the pawn white gets very active pieces and
chances to attack the black king.} (13... Bd6 14. Qg4 Qe7 (14... Bxg3 15. Qxg3
Nc6 16. d5 Ne7 17. Bd3 d6 18. Qg7 Rg8 19. Qh7 Rf8 20. Ne4 Nf5 21. Rh3 Qe7 22.
g4 Nh4 23. Qg7 O-O-O 24. Nf6 {1-0 Kasparov,G-Timman,J/Hilversum 1985/ (35)})
15. c5 (15. Bxd6 cxd6 16. Qg3 f5 17. c5 d5 18. Qe5 Rh7 19. Qc7 Nc6 (19... Bc6
20. Nf3 bxc5 21. Rxc5 Kf8 22. Ne5 Kg8 23. Rh3 {1-0 Neurohr,S-Miles,A/Metz 1988/
(34)}) 20. Nf3 Nd8 21. g4 Rc8 22. Qf4 bxc5 23. gxf5 cxd4 24. Rxc8 Qb4+ 25. Nd2
Bxc8 26. Bd3 {1-0 Agdestein,S-Hellers,F/Gausdal 1987/ (41)}) 15... Bxg3 16.
Qxg3 Nc6 17. a4 O-O-O 18. a5 bxa5 19. Nc4 Rdg8 20. Qh2 Qg5 21. Ra1 Qg6 22. Kd2
Nb4 23. Rc1 f6 24. Nxa5 Bxg2 {0-1 Plaskett,J-Short,N/Brighton 1984/ (41)}) (
13... Nc6 14. Qg4 Qf6 15. Bd3 O-O-O 16. Qh5 Qg5 17. Qxf7 Bxd2+ 18. Kxd2 Qa5+
19. Kd1 Nb4 20. Bb1 Rdf8 21. Qh5 Qa4+ 22. Ke1 Qa3 23. Qd1 Bxg2 {0-1
Michniewski,T-Staniszewski,P/Warsaw 1997/ (36)}) 14. Rh5 Bd6 15. Qg4 Qf6 16. c5
(16. Bxd6 cxd6 17. Bd3 Na6 $14) 16... Bxg3 (16... bxc5 17. Bxd6 cxd6 18. dxc5
dxc5 19. Rhxc5 Bc6 (19... Nc6 20. Ne4 Qb2 21. Qh4 $16) 20. Ne4 Qb2 21. Bd3 $14)
17. Qxg3 Na6 18. Bd3 (18. Bxa6 Bxa6 19. Qxc7 Qg6 $1 $17) (18. c6 dxc6 19. Bxa6
Bxa6 20. Qxc7 Qg6 21. Qxc6+ Ke7 22. Qc7+ Ke8 (22... Kf8 23. Qe5 $16) 23. Rh2 (
23. Qe5 Qxg2 $15) 23... Qd3 24. Nc4 Kf8 25. Qd6+ Kg8 26. Qg3+ $11) 18... Rc8
19. Bxa6 Bxa6 20. cxb6 axb6 (20... cxb6 21. Rxc8+ Bxc8 22. Qb8 Ke7 23. Qxa7 Qg6
24. Rh2 Qc2 25. Qxb6 $14) 21. Rxc7 Rxc7 22. Qxc7 Qg6 (22... Qd8 23. Qe5 f6 24.
Qg3 $16) 23. Rh3 $2 {Gelfand has lost control of the position, the rook
retreat is pretty poor in many respects.} (23. Qe5 $1 Qd3 24. Qxh8+ Ke7 25. Kd1
Qe2+ 26. Kc1 Qxh5 27. Ne4 Qf5 $11) (23. Qb8+ $2 Ke7 24. Qxh8 Qxh5 25. f3 Qh1+
26. Kf2 Qh4+ 27. Kg1 Qe1+ 28. Kh2 Qxd2 $19) 23... Qd3 $1 24. Kd1 Ke7 0-1

[Event "Montreal WCT"]
[Site "Montreal"]
[Date "2005.01.21"]
[Round "9"]
[White "Perelshteyn, Eugene"]
[Black "Antonio, Rogelio Jr"]
[Result "1-0"]
[WhiteElo "2505"]
[BlackElo "2539"]
[Annotator "Ftacnik,L"]
[PlyCount "71"]
[EventDate "2005.01.15"]
[EventType "tourn"]
[EventRounds "9"]
[EventCountry "CAN"]
[EventCategory "10"]
[SourceTitle "CBM 105"]
[Source "ChessBase"]
[SourceDate "2005.04.11"]
[SourceVersion "1"]
[SourceVersionDate "2005.04.11"]
[SourceQuality "1"]

1. d4 Nf6 2. c4 e6 3. Nc3 Bb4 4. Nf3 b6 5. Bg5 Bb7 6. Nd2 h6 7. Bh4 c5 8. d5 $1
exd5 9. cxd5 O-O {White is ready to sacrifice the pawn in this sharp opening
line, but his compensation was proven to be excellent in recent games.} (9...
Qe7 10. Qc2 O-O 11. e4 (11. O-O-O Bxc3 12. bxc3 Bxd5 13. e4 Bc6 14. f4 d6 15.
Re1 g5 16. fxg5 Nh7 17. e5 Nxg5 18. exd6 Qf6 19. Bc4 b5 20. Rhf1 Qg7 21. Bxg5
hxg5 22. Bd3 Nd7 23. Re7 Rae8 24. Be4 Bxe4 25. Nxe4 {1-0 Jobava,B-Zhang Zhong/
Mallorca 2004/ (40)}) 11... g5 12. Bg3 Bxc3 13. bxc3 Bxd5 14. O-O-O Bxe4 15.
Nxe4 Qxe4 16. Bd3 Qc6 17. h4 g4 18. Qd2 Kg7 19. Bf4 Nh5 20. Be4 {Almasi,
Z-Balogh,C/Budapest 2004/ 1-0 (31)}) (9... g5 10. Bg3 Nxd5 11. Nxd5 Bxd5 12. a3
Ba5 13. e4 Bb7 14. Bc4 d5 15. exd5 O-O 16. O-O Bxd5 17. Bxd5 Qxd5 18. Nb3 Qxd1
19. Raxd1 Nc6 20. Rd6 c4 21. Nxa5 Nxa5 22. Rxh6 {1-0 Gelashvili,T-Berkes,F/
Aghia Pelagia 2004/ (30)}) 10. Qc2 d6 (10... g5 11. Bg3 Nxd5 12. e4 $44) 11. e4
Qe7 12. O-O-O c4 $6 {A poor investment of time and energy. White can simply
ignore the sacrificed pawn and concentrate on advancing his own plan of
kingside attack.} (12... Nbd7 13. f4 a6 14. Re1 $36) 13. f4 (13. Bxc4 Rc8 14.
Kb1 Ba6 $132) 13... Nbd7 (13... Re8 14. Bxc4 Bxc3 15. bxc3 (15. Qxc3 Nxe4 16.
Bxe7 Nxc3 17. bxc3 Rxe7 18. Rhe1 Rxe1 19. Rxe1 Na6 20. Bxa6 Bxa6 21. Re7 $14)
15... a6 16. Rhe1 Nbd7 17. Bb3 $16) 14. Re1 Rfc8 15. Kb1 Qf8 (15... b5 16. g4
$40) 16. g4 Nh7 (16... Nxg4 17. Bh3 f5 18. Rhg1 Bc5 19. Bxg4 fxg4 (19... Bxg1
20. Bxf5) 20. Rxg4 h5 21. Rg2 Qxf4 22. Bg5 Qf7 23. Bh6 $16) 17. Nf3 (17. Bxc4
Bxc3 18. bxc3 Rc7 19. Re3 Rac8 20. Bb5 $14) 17... g6 (17... Qe8 18. Bh3 a5 19.
g5 $16) 18. g5 {Perelshteyn has achieved a great progress, black has problems
with location of his pieces.} hxg5 (18... h5 19. f5 Ne5 20. Nxe5 dxe5 21. Bh3
$16) 19. Nxg5 Qh6 (19... Nhf6 20. Nf3 b5 21. Bh3 $16) 20. Qf2 Qg7 (20... Nhf6
21. Bh3 $16) 21. Nxh7 Kxh7 22. Bh3 Nc5 (22... Rc7 23. Nb5 Bxe1 24. Rxe1 Rc5 25.
Nxd6 $18) 23. Bxc8 Bxc8 (23... Nd3 24. Qd2 Bxc8 25. Re3 $16) 24. Re3 Nd3 25.
Qd2 Bc5 26. f5 $5 {[%mdl 128] White is happy to return the extra exchange in
order to speed up the kingside attack.} (26. Rf3 b5 27. f5 b4 28. Na4 Bd4 29.
Be7 $16) 26... Qh6 27. Bg5 $1 Bxe3 (27... Qxg5 28. Rh3+ $18) (27... Qh5 28. Rg3
Bf2 29. fxg6+ fxg6 30. Rxd3 cxd3 31. Qxf2 Qxg5 32. Qf7+ Kh6 33. Qf8+ Kh5 34.
Qxd6 $18) 28. Qxe3 Qh5 29. Rf1 Kg8 (29... gxf5 30. h4 Qg6 31. Ka1 Nb4 32. Qe2
$16) 30. Bf6 Bd7 (30... Qxh2 31. Ne2 Ne5 32. Rf4 Qh1+ 33. Nc1 g5 34. Rg4 $18)
31. Rf3 $1 {The crucial reserve is advancing towards the square h3 with
ambition to mate black king.} Qxh2 32. Ne2 Qh1+ 33. Ng1 Qg2 (33... Qh5 34. Kc2
Nb4+ 35. Kd2 Ba4 36. b3 Qh2+ 37. Ne2 $18) 34. Rh3 Qf1+ 35. Kc2 Nb4+ 36. Kd2 1-0